|
|
|
|
| LEADER |
01219nam a2200265 a 4500 |
| 001 |
12139066 |
| 008 |
110515s2001 txu b 001 0 eng |
| 010 |
|
|
|a 00064022
|
| 020 |
|
|
|a 0877193835 (alk. paper)
|
| 040 |
|
|
|a DLC
|c DLC
|d DLC
|d BD-DhAAL
|
| 042 |
|
|
|a pcc
|
| 082 |
0 |
0 |
|a 658.4/06
|2 21
|
| 100 |
1 |
|
|a Kirkpatrick, Donald L.
|
| 245 |
1 |
0 |
|a Managing change effectively :
|b approaches, methods, and case examples /
|c Donald L. Kirkpatrick.
|
| 260 |
|
|
|a Boston :
|b Butterworth, Heinemann,
|c c2001.
|
| 300 |
|
|
|a xviii, 192 p. ;
|c 24 cm.
|
| 490 |
0 |
|
|a Improving human performance series
|
| 504 |
|
|
|a Includes bibliographical references (p. 184-185).and index.
|
| 541 |
|
|
|e 00022489
|
| 650 |
|
0 |
|a Organizational change.
|
| 650 |
|
0 |
|a Organizational effectiveness.
|
| 852 |
1 |
|
|a Ayesha Abed Library
|c General Shelf.
|
| 999 |
|
|
|c 10827
|d 10827
|
| 952 |
|
|
|0 0
|1 0
|2 ddc
|4 0
|6 658_406000000000000_KIR
|7 0
|9 16466
|a BRACUL
|b BRACUL
|c GEN
|d 2011-05-09
|e TRIM EDUCATION
|g 4350.00
|l 3
|m 6
|o 658.406 KIR
|p 3010022489
|r 2016-12-01
|s 2016-11-25
|t 1
|w 2011-05-16
|y BK
|
| 952 |
|
|
|0 0
|1 0
|2 ddc
|4 0
|6 658_406000000000000_KIR
|7 0
|9 16467
|a BRACUL
|b BRACUL
|c GEN
|d 2011-05-09
|e TRIM EDUCATION
|g 4350.00
|l 4
|m 8
|o 658.406 KIR
|p 3010022490
|r 2016-12-01
|s 2016-11-25
|t 2
|w 2011-05-16
|y BK
|